| 000 | 00764nam a22002057a 4500 | ||
|---|---|---|---|
| 999 |
_c3661 _d3661 |
||
| 003 | AR-CdUCM | ||
| 008 | 190307b ||||| |||| 00| 0 spa d | ||
| 040 |
_aMUNICIPALIDAD PROVINCIAL DEL CUSCO _cBIBLIOTECA MUNICIPAL DEL CUSCO |
||
| 082 |
_a828.83 / _bST79 |
||
| 100 |
_aStevenson, R. L. _911906 |
||
| 245 | _aEl extraño caso del dr. Jekyll y del sr. Hyde / | ||
| 260 |
_aLima : _cPopulibros peruanos, |
||
| 300 |
_a99 paginas ; _c17 cm. |
||
| 505 | _aContenido :La aventura de la puerta -- A la busca del señor Hyde -- La tranquilidad del doctor Jekyll -- El asesinato de Carew -- La carta del señor Hyde ... | ||
| 650 |
_aNovelas inglesas _91158 |
||
| 650 |
_aSiglo XIX _9971 |
||
| 650 |
_aLiteratura inglesa _91015 |
||
| 942 |
_2ddc _cLIBROS |
||
| 945 | _arum | ||